<?xml version="1.0" encoding="UTF-8"?>
<record
    xmlns:xsi="http://www.w3.org/2001/XMLSchema-instance"
    xsi:schemaLocation="http://www.loc.gov/MARC21/slim http://www.loc.gov/standards/marcxml/schema/MARC21slim.xsd"
    xmlns="http://www.loc.gov/MARC21/slim">

  <leader>00857cam a22002411  4500</leader>
  <controlfield tag="001">sd 58000010 </controlfield>
  <controlfield tag="003">DLC</controlfield>
  <controlfield tag="005">20260227112736.0</controlfield>
  <controlfield tag="008">920309s1958    dcua         f000 0 eng c</controlfield>
  <datafield tag="010" ind1=" " ind2=" ">
    <subfield code="a">sd 58000010 </subfield>
  </datafield>
  <datafield tag="035" ind1=" " ind2=" ">
    <subfield code="a">(OCoLC)25415760</subfield>
  </datafield>
  <datafield tag="040" ind1=" " ind2=" ">
    <subfield code="a">U.S. Dept. of State. Library</subfield>
    <subfield code="c">DHU</subfield>
    <subfield code="d">DHU</subfield>
    <subfield code="d">DLC</subfield>
  </datafield>
  <datafield tag="050" ind1="0" ind2="0">
    <subfield code="a">E835</subfield>
    <subfield code="b">.W5</subfield>
  </datafield>
  <datafield tag="082" ind1=" " ind2=" ">
    <subfield code="a">327.73</subfield>
  </datafield>
  <datafield tag="100" ind1="1" ind2=" ">
    <subfield code="a">Wilcox, Francis O.</subfield>
    <subfield code="q">(Francis Orlando),</subfield>
    <subfield code="d">1908-1985.</subfield>
  </datafield>
  <datafield tag="245" ind1="1" ind2="4">
    <subfield code="a">The role of the United States in world affairs;</subfield>
    <subfield code="b">background.</subfield>
  </datafield>
  <datafield tag="260" ind1=" " ind2=" ">
    <subfield code="a">[Washington,</subfield>
    <subfield code="b">U.S. Govt. Print. Off.,</subfield>
    <subfield code="c">1958]</subfield>
  </datafield>
  <datafield tag="300" ind1=" " ind2=" ">
    <subfield code="a">26 p.</subfield>
    <subfield code="b">illus.</subfield>
    <subfield code="c">26 cm.</subfield>
  </datafield>
  <datafield tag="490" ind1="1" ind2=" ">
    <subfield code="a">[U.S.] Dept. of State. Publication 6669. General foreign policy series,</subfield>
    <subfield code="v">128</subfield>
  </datafield>
  <datafield tag="651" ind1=" " ind2="0">
    <subfield code="a">United States</subfield>
    <subfield code="x">Relations.</subfield>
  </datafield>
  <datafield tag="650" ind1=" " ind2="0">
    <subfield code="a">World politics</subfield>
    <subfield code="y">1955-1965.</subfield>
  </datafield>
  <datafield tag="830" ind1=" " ind2="0">
    <subfield code="a">Department of State publication.</subfield>
    <subfield code="p">General foreign policy series ;</subfield>
    <subfield code="v">128.</subfield>
  </datafield>
  <datafield tag="999" ind1=" " ind2=" ">
    <subfield code="c">90067</subfield>
    <subfield code="d">90067</subfield>
  </datafield>
</record>
